LEADER 01232nam a2200289 u 4500 001 000000057028 003 CaOOAMICUS 005 20070226120534.0 008 010426s1937 gw u000 u lat u 035 $a10886599 040 $aPUL(R)$bita 100 0 $aBruno,$cdi Magdeburg,$df. 1084.$0(OLS)http://pul/name/7541 240 10$aDe Bello Saxonico$9(Bruno, di Magdeburg, f. 1084) .$lItaliano.$0(OLS)http://pul/title/76310 245 10$aBrunos Buch vom Sachsenkrieg /$cneu bearbeitet von Hans-Eberhard Lohmann. 260 $aLeipzig :$bHiersemann,$c1937. 300 $a131 p. ;$c23 cm 490 1 $aDeutsches Mittelalter ;$v2 500 $aIndice : p. [124]-131. 651 4$aGermania$xStoria.$0(OLS)http://pul/subject/15440 700 1 $aLohmann, Hans-Eberhard.$0(OLS)http://pul/name/39918 830 0$aDeutsches Mittelalter ;$v2.$0(OLS)http://pul/title/5744 850 $aPUL 852 $aPUL$W1$xSL Cons. Gen., Altre Classi 1$y1$m2017 F 2.2$j118881$nBK-PRI$qStampati$B74691$CPULBib$Z2$F74691 $H53045 $82 941 1 $a8 961 $aINV: 53045 996 $6245$aBrunos Buch vom Sachsenkrieg$9(OLS)http://pul/title/76311 996 $6260$aLeipzig :$bHiersemann$9(OLS)http://pul/publisher/59469 LEADER 01432nam a2200277 u 4500 001 000000118306 003 CaOOAMICUS 005 20091125110344.0 008 091125t2009 it u000 u ita r 020 $a978-88-13-28966-9 040 $aPUL$bita$dReb 245 03$aLa riforma del giudizio di cassazione :$bcommentario al D. Lgs. 2 febbraio 2006, n. 40, capo I e alla L. 18 giugno 2009, n. 69, capo IV /$cA cura di Franco Cipriani ; con il contributo di: Giovanni Amoroso [et al.]. 260 $aPadova :$bCEDAM,$cİ2009. 300 $avi, 537 p. ;$c25 cm 490 1 $aLe nuove leggi civili commentate ;$v22. 504 $aBibliografia in nota. 650 4$aProcesso civile.$0(OLS)http://pul/subject/21811 700 1 $aCipriani, Franco.$0(OLS)http://pul/name/29207 700 1 $aAmoroso, Giovanni,$d1949-$0(OLS)http://pul/name/72187 830 3$aLe nuove leggi civili commentate ;$v22.$0(OLS)http://pul/title/53134 850 $aPUL 852 $aPUL$W1$xSL Diritto e Scienze Sociali 3$y79$m347. 45 CIPFR 2$j135730$qDDC 21$B134722$CPULBib$Z2$F134722 $H111667 $82 941 1 $a9 996 $6020$a978-88-13-28966-9$9(OLS)http://pul/number/142516 996 $6245$aLa riforma del giudizio di cassazione :$bcommentario al D. Lgs. 2 febbraio 2006, n. 40, capo I e alla L. 18 giugno 2009, n. 69, capo IV$9(OLS)http://pul/title/148885 996 $6260$aPadova :$bCEDAM$9(OLS)http://pul/publisher/48126